<?xml version="1.0" encoding="UTF-8"?>
<collection xmlns="http://www.loc.gov/MARC21/slim">
 <record>
  <leader>01358nam a22002777a 4500</leader>
  <controlfield tag="001">37960</controlfield>
  <controlfield tag="003">BD-DhAAL</controlfield>
  <controlfield tag="005">20231203122734.0</controlfield>
  <controlfield tag="008">220308t2020    bg a|||| |||| 00| 0 ben d</controlfield>
  <datafield tag="020" ind1=" " ind2=" ">
   <subfield code="a">9789845250931</subfield>
  </datafield>
  <datafield tag="040" ind1=" " ind2=" ">
   <subfield code="a">BD-DhAAL</subfield>
  </datafield>
  <datafield tag="082" ind1=" " ind2=" ">
   <subfield code="a">305.8958</subfield>
   <subfield code="2">23</subfield>
  </datafield>
  <datafield tag="100" ind1=" " ind2=" ">
   <subfield code="a">ইসলাম, মোহাম্মদ এমদাদুল.</subfield>
   <subfield code="9">46623</subfield>
  </datafield>
  <datafield tag="245" ind1=" " ind2=" ">
   <subfield code="a">রোহিঙ্গা :</subfield>
   <subfield code="b">নিঃসঙ্গ নিপীড়িত জাতিগোষ্ঠী /</subfield>
   <subfield code="c">মোহাম্মদ এমদাদুল ইসলাম.</subfield>
  </datafield>
  <datafield tag="246" ind1=" " ind2=" ">
   <subfield code="a">Rohingya :</subfield>
   <subfield code="b">Nishshongo nipirito jatigoshthi</subfield>
  </datafield>
  <datafield tag="260" ind1=" " ind2=" ">
   <subfield code="a">ঢাকা :</subfield>
   <subfield code="b">প্রথমা প্রকাশন,</subfield>
   <subfield code="c">2020.</subfield>
  </datafield>
  <datafield tag="300" ind1=" " ind2=" ">
   <subfield code="a">১৪২ পৃষ্ঠা :</subfield>
   <subfield code="b">চিত্র ;</subfield>
   <subfield code="c">২২ সে. মি.</subfield>
  </datafield>
  <datafield tag="504" ind1=" " ind2=" ">
   <subfield code="a">গ্রন্থপঞ্জিগত তথ্য অন্তভূক্ত ।</subfield>
  </datafield>
  <datafield tag="541" ind1=" " ind2=" ">
   <subfield code="a">Donated by Akbar Ali Khan</subfield>
   <subfield code="e">37960</subfield>
  </datafield>
  <datafield tag="650" ind1=" " ind2=" ">
   <subfield code="a">Rohingya (Burmese people)</subfield>
   <subfield code="x">Social conditions.</subfield>
   <subfield code="9">46624</subfield>
  </datafield>
  <datafield tag="650" ind1=" " ind2=" ">
   <subfield code="a">Rohingya (Burmese people)</subfield>
   <subfield code="x">Ethnic identity.</subfield>
   <subfield code="9">46625</subfield>
  </datafield>
  <datafield tag="650" ind1=" " ind2=" ">
   <subfield code="a">Refugees</subfield>
   <subfield code="9">46626</subfield>
  </datafield>
  <datafield tag="852" ind1=" " ind2=" ">
   <subfield code="a">Ayesha Abed Library</subfield>
   <subfield code="c">Akbar Ali Khan Collection</subfield>
  </datafield>
  <datafield tag="942" ind1=" " ind2=" ">
   <subfield code="2">ddc</subfield>
   <subfield code="c">BK</subfield>
  </datafield>
  <datafield tag="999" ind1=" " ind2=" ">
   <subfield code="c">43708</subfield>
   <subfield code="d">43708</subfield>
  </datafield>
  <datafield tag="952" ind1=" " ind2=" ">
   <subfield code="0">0</subfield>
   <subfield code="1">0</subfield>
   <subfield code="2">ddc</subfield>
   <subfield code="4">0</subfield>
   <subfield code="6">305_895800000000000_ISL</subfield>
   <subfield code="7">1</subfield>
   <subfield code="9">70046</subfield>
   <subfield code="a">BRACUL</subfield>
   <subfield code="b">BRACUL</subfield>
   <subfield code="c">AAKC</subfield>
   <subfield code="d">2022-03-08</subfield>
   <subfield code="e">Donated by Akbar Ali Khan</subfield>
   <subfield code="l">0</subfield>
   <subfield code="o">305.8958 ISL</subfield>
   <subfield code="p">3010037960</subfield>
   <subfield code="r">2022-03-08</subfield>
   <subfield code="t">1</subfield>
   <subfield code="w">2022-03-08</subfield>
   <subfield code="y">BK</subfield>
  </datafield>
 </record>
</collection>
